Θεωρία πιθανοτήτων και στατιστικής

Αποθηκεύτηκε σε:
Λεπτομέρειες βιβλιογραφικής εγγραφής
Κύριος συγγραφέας: Ρασσιάς, Ιωάννης Μ.
Μορφή: Βιβλίο
Γλώσσα:Greek
Δημοσίευση: Αθήνα : Συμμετρία, 1999
Θέματα:
Ετικέτες: Προσθήκη ετικέτας
Δεν υπάρχουν, Καταχωρήστε ετικέτα πρώτοι!

MARC

LEADER 00000cam a2200000 i 4500
001 1/42804
008 031020s1999 gre d
020 |a 960-266-038-4 
035 |l 10071234 
040 |a GR-MY-UA  |b gre  |e aacr 
041 0 |a gre 
082 0 |a 519.2 
100 1 |a Ρασσιάς, Ιωάννης Μ. 
245 1 0 |a Θεωρία πιθανοτήτων και στατιστικής /  |c Ιωάννης Μ. Ρασσιάς 
260 |a Αθήνα :   |b Συμμετρία,   |c 1999 
300 |a 489 σ.;  |c 24 εκ. 
504 |a Περιέχει βιβλιογραφία και ευρετήριο 
650 0 0 |a Probabilities. 
650 0 0 |a Mathematical statistics. 
852 |a INST  |b SAMOS  |e 20031020  |h 519.2 ΡΑΣ  |p 005300023793  |q 005300023793  |t BK  |y 0 
901 |a BIBL3-2003-3 
909 |a Σ  |b 099262 
970 |a ΠΟΥΡΝΑΡΑΣ  |b ΔΗΜΗΤΡΗΣ  |z 2003/10/20